| 000 | 01131cam a22001815a 4500 | ||
|---|---|---|---|
| 001 | L155380 | ||
| 008 | 120320s1773 xxk f 000 0 eng d | ||
| 035 | _a(Sirsi) u155380 | ||
| 041 | 0 | _aeng | |
| 100 | 1 |
_aPrice, Richard _d1723-1791 |
|
| 245 | 0 | 0 |
_aObservations on reversionary payments _bon schemes for providing annuities for widows, and for persons in old age; on The Method of Calculating the Values of Assurances on Lives; and on The National Debt. To which are added, four essays On different Subjects in the Doctrine of Life-Annuities and Political Arithmetick. Also, an appendix and supplement, Containing additional Observations, and a complete Set of Tables; particularly, several new Tables of the Probabilities of Life in different Situations, and of the Values of Annuities on Lives. The third edition, much enlarged. By Richard Price, D. D. F. R. S. |
| 260 |
_aLondon _bprinted for T. Cadell, in the Strand _cM.DCC.LXXIII. [1773] |
||
| 300 |
_axxxix, [1], 431, [1]p. _c8o |
||
| 583 |
_aCondition reviewed _c20120620 _lcondition level 1 |
||
| 651 | 4 |
_aGreat Britain _y1707- |
|
| 690 |
_aInsurance _96249 |
||
| 942 | _n0 | ||
| 999 |
_c113523 _d113523 |
||